00877cam a22002417a 4500003000500000005001700005008004100022010000900063011000900072035000900081040000900090100002500099245006500124260007100189300001800260490008200278650004400360650001400404650003600418700003400454710006500488830008200553CHAP20220817041124.0971013s1993 r 00010 d a6910 a7882 a7107 cCHAP00aRamos Mompo, Carlos.13aLa agricultura y la contaminación de las aguas por nitrato aMadrid :bMinisterio de Agricultura, Pesca y Alimentación,c1993 a31 p.b: ilus 0aMinisterio de Agricultura, Pesca y Alimentación. Hojas divulgadorasv; 7/9214aAguaxContaminacionxEfecto en plantas.14aNitratos.14aNitrógenoxEfecto en plantas.0 aOcio Armentia, Jesús Angel.0 aEspaña. Ministerio de Agricultura, Pesca y Alimentación.0 aMinisterio de Agricultura, Pesca y Alimentación. Hojas divulgadorasv; 7/92